000
00203 a2200097 4500
001
28348
100
_a
Spilzbarth, L M
245
_a
Basic Cobol Programm
260
_a
_b
Wesley
_c
090
_c
18957
_d
18957
942
_a
NUST-CAE
_c
M
_c
9954
999
_c
263421
_d
263421